FIFA 21 Top 50 Strikers - Statistics

General Stats
  • This quiz has been taken 598 times
  • The average score is 23 of 50
Answer Stats
Rank Player OVA % Correct
1 Cristiano Ronaldo 92
100%
2 Robert Lewandowski 91
95%
3 Kylian Mbappé 90
90%
4 Karim Benzema 89
89%
7 Harry Kane 88
85%
19 Erling Braut Haaland 84
84%
12 Luis Suárez 87
82%
5 Sergio Agüero 89
80%
9 Antoine Griezmann 87
75%
17 Romelu Lukaku 85
74%
11 Pierre-Emerick Aubameyang 87
73%
8 Roberto Firmino 88
73%
33 Zlatan Ibrahimović 83
67%
20 Lautaro Martínez 84
61%
26 Gabriel Jesus 83
60%
14 Timo Werner 85
58%
30 Alexandre Lacazette 83
57%
10 Ciro Immobile 87
57%
44 Josef Martínez 81
56%
35 Álvaro Morata 82
55%
6 Paulo Dybala 88
54%
21 Anthony Martial 84
52%
16 Mauro Icardi 85
49%
13 Jamie Vardy 86
47%
32 Gonzalo Higuaín 83
46%
15 Memphis Depay 85
43%
31 Edin Džeko 83
41%
18 Dries Mertens 85
39%
24 Wissam Ben Yedder 84
33%
38 João Félix 81
31%
28 Gerard Moreno 83
29%
39 Richarlison 81
29%
27 Duván Zapata 83
27%
45 Sébastien Haller 81
26%
46 Arkadiusz Milik 81
25%
43 Moussa Dembélé 81
24%
22 Raúl Jiménez 84
24%
25 Iago Aspas 84
22%
29 Dušan Tadić 83
16%
23 Josip Iličić 84
16%
34 Andrej Kramarić 82
15%
41 Iñaki Williams 81
15%
49 Paco Alcácer 81
15%
42 Joaquín Correa 81
14%
48 Kevin Volland 81
14%
36 Rodrigo 82
14%
40 Wout Weghorst 81
14%
37 Marko Arnautović 82
9%
50 Franck Ribéry 81
5%
47 Eran Zahavi 81
4%
No matching quizzes found
Score Distribution
Percent of People with Each Score
Percentile by Number Answered
Your Score History
You have not taken this quiz